000 00203nam a22000857a 4500
008 161220b xxu||||| |||| 00| 0 eng d
100 _92139
_aCCE
245 _aSocial Science-IX
260 _aNew Delhi
_bCCE
_c2011
999 _c5019
_d5019